| 000 | 00387nam a22001457a 4500 | ||
|---|---|---|---|
| 005 | 20171011111420.0 | ||
| 008 | 171011b xxu||||| |||| 00| 0 eng d | ||
| 040 | _cPK-LaUMT | ||
| 082 |
_aPKAC 320.95491 _bTAY-H |
||
| 100 | _aTayyab Siddiqui | ||
| 245 |
_aHurf e Haq/ _cTayyab Siddiqui |
||
| 260 |
_aپشاور: _bساوتھ ایشین سنٹر، _c2005 |
||
| 300 | _a189 ص | ||
| 942 | _cBK | ||
| 999 |
_c99070 _d99070 |
||